00213nam a2200097Ia 4500008004100000100000900041245003200050260000900082942000700091999001700098190216s9999||||xx |||||||||||||| ||und|| aNull 0aHindi-Prakash Bi Shajith He bNull cBK c18139d18139